Ukazatele hospodářskeho vývoje v zahraničí 1984

Salvato in:
Dettagli Bibliografici
Natura: Libro
Lingua:ceco
Pubblicazione: Praha : UVTEI, 1984
Soggetti:
Tags: Aggiungi Tag
Nessun Tag, puoi essere il primo ad aggiungerne!!

MARC

LEADER 00000nam a22000003a 4500
001 stu43751
005 20150408180528.0
008 941212s1984----cs------------------cze-d
040 |a STU  |b slo 
041 0 |a cze 
044 |a cs 
080 |a 31 
080 |a 339.9  |7 stu_us_auth*stu6213 
245 |a Ukazatele hospodářskeho vývoje v zahraničí 1984 
260 |a Praha :  |b UVTEI,  |c 1984 
300 |a 555 s 
650 7 |a Hospodárstvo zahraničné  |2 stusub 
650 7 |a štatistiky  |2 stusub 
996 |b 284M043350  |c M*283/1984-1  |l MMKN  |s A  |a 24  |w stu43751_0001